000 01220nam a22003497a 4500
003 CHAP
005 20220329143719.0
008 110330s1990 es a r 00010 spa d
010 _a100782
011 _a101754
020 _a8428208832
035 _a112442
040 _cCHAP
082 0 4 _a581.634
_bB64
100 0 0 _aBonnier, Gaston.
_913740
245 1 0 _aPlantas medicinales, plantas meliferas, plantas útiles y perjudiciales
_c/por Gaston Bonnier
260 _aBarcelona :
_bOmega,
_c1990
300 _a[160 p.] :
_bilus.
534 _pTít. original
_tPlantes medicinales, plantes melliféres, plantes utiles et nuisibles
_cParis. Librairie Cassique Eugéne Belin
590 _aBATCH-UPD
_b10
_c20130110
_lUCH01
_h1137
590 _aBATCH-UPD
_b10
_c20130410
_lUCH01
_h0724
590 _aBATCH-UPD
_b10
_c20130914
_lUCH01
_h0657
590 _aCONVERSION
_b10
_c20130109
_lUCH01
_h1356
650 1 4 _aBotánica médica.
_914680
650 1 4 _aMalas hierbas.
_969996
650 1 4 _aPlantas melíferas.
_989030
650 1 4 _aPlantas venenosas.
_989092
650 1 4 _aPlantas
_xNombres vulgares.
_988863
901 _aBK
942 _cLIBRO
949 _a581.634 B64
_bBC
_cLIBRO
_d33724002237454
_eLIBRO
_h114495
_i112442
_sb
999 _c100782
_d100782